The Holy Bible : containing the Old Testament and the New: newly translated out of the original tongues, and with the former translations diligently compared and revised. By his Majesties special command. Appointed to be read in churches.

Bibliographic Details
Uniform Title:Bible.
Format: eBook
Language:English
Published: London : Printed by the assigns of John Bill deceas'd: and by Henry Hills, and Thomas Newcomb, printers to the Kings most excellent Majesty, 1683.
Series:Early English books online.
Online Access:Connect to the full text of this electronic book

MARC

Tag First Indicator Second Indicator Subfields
LEADER 00000nam a2200000 4500
001 in00004316521
005 20200812074851.0
006 m g d
007 cr bn |||a|bb|
008 941027s1683 enk o 00| | eng d
035 |a (UnM)99825566 
037 |a CL0037000068  |b ProQuest, 789 E. Eisenhower Parkway, Ann Arbor, MI 48108-3218 
037 |a CL0037000078  |b ProQuest, 789 E. Eisenhower Parkway, Ann Arbor, MI 48108-3218 
040 |a Cu-RivES  |c Cu-RivES  |d CStRLIN  |e dcrb  |d WaOLN 
130 0 |a Bible.  |l English.  |p Authorized. 
245 1 4 |a The Holy Bible :  |b containing the Old Testament and the New: newly translated out of the original tongues, and with the former translations diligently compared and revised. By his Majesties special command. Appointed to be read in churches. 
246 2 |a New Testament of our Lord & Saviour Jesus Christ. 
260 |a London :  |b Printed by the assigns of John Bill deceas'd: and by Henry Hills, and Thomas Newcomb, printers to the Kings most excellent Majesty,  |c 1683. 
300 |a 1 online resource ([1104] pages) 
336 |a text  |b txt  |2 rdacontent 
337 |a computer  |b c  |2 rdamedia 
338 |a online resource  |b cr  |2 rdacarrier 
500 |a Signatures: pi¹ A-2Y¹² 2Z¹¹. 
500 |a "The New Testament of our Lord & Saviour Jesus Christ" has a separate dated title page; register is continuous. 
500 |a At foot of title page: Cum privilegio. 
500 |a Identified as Wing B2331 at reel 1788:3. 
500 |a With: The whole book of psalms, bound following. 
500 |a Reproductions of the original in the British and Foreign Bible Society. 
510 4 |a Wing (2nd edition, 1994)  |c B2332. 
533 |c UMI,  |d 1999-  |f (Early English books online)  |n Digital version of: (Early English books, 1641-1700 ; 1788:3, 1983:12a) 
533 |a Electronic reproduction.  |b Ann Arbor, Mich. :  |7 s1999 miun s 
830 0 |a Early English books online. 
856 4 0 |u http://proxy.library.tamu.edu/login?url=https://search.proquest.com/docview/2240864335  |z Connect to the full text of this electronic book  |t 0 
999 f f |s b37d4e72-7719-3582-9ad9-5e4adfb54ded  |i 77658255-4d83-3404-958f-a44eee1bb31e  |t 0 
952 f f |a Texas A&M University  |b College Station  |c Electronic Resources  |d Available Online  |t 0  |h No information provided 
998 f f |t 0  |l Available Online